NFL Top 10 Receptions 1990s - Statistics

General Stats
  • This quiz has been taken 9 times
  • The average score is 52 of 102
Answer Stats
Year Team Player % Correct
1999: 5 Vikings Cris Carter
100%
1997: 4 Vikings Cris Carter
100%
1996: 5 Vikings Cris Carter
100%
1995: 2 Vikings Cris Carter
100%
1994: 1 Vikings Cris Carter
100%
1993: 4 Vikings Cris Carter
100%
1991: 10 Vikings Cris Carter
100%
1998: 9 49ers Jerry Rice
100%
1996: 1 49ers Jerry Rice
100%
1995: 3 49ers Jerry Rice
100%
1994: 2 49ers Jerry Rice
100%
1993: 2 49ers Jerry Rice
100%
1992: 4 49ers Jerry Rice
100%
1991: 7 49ers Jerry Rice
100%
1990: 1 49ers Jerry Rice
100%
1999: 2 Colts Marvin Harrison
100%
1999: 1 Jaguars Jimmy Smith
88%
1997: 7 Jaguars Jimmy Smith
88%
1998: 4 Broncos Rod Smith
88%
1995: 4 Rams Isaac Bruce
75%
1999: 6 Jets Keyshawn Johnson
75%
1998: 6 Jets Keyshawn Johnson
75%
1999: 4 Raiders Tim Brown
75%
1998: 10 Raiders Tim Brown
75%
1997: 1 Raiders Tim Brown
75%
1996: 7 Raiders Tim Brown
75%
1994: 7 Raiders Tim Brown
75%
1993: 10 Raiders Tim Brown
75%
1994: 6 Bills Andre Reed
63%
1991: 5 Bills Andre Reed
63%
1990: 10 Bills Andre Reed
63%
1998: 7 Lions Herman Moore
63%
1997: 2 Lions Herman Moore
63%
1996: 2 Lions Herman Moore
63%
1995: 1 Lions Herman Moore
63%
1994: 9 Vikings Jake Reed
63%
1995: 5 Cowboys Michael Irvin
63%
1993: 3 Cowboys Michael Irvin
63%
1992: 7 Cowboys Michael Irvin
63%
1991: 2 Cowboys Michael Irvin
63%
1999: 3 Panthers Muhsin Muhammad
63%
1997: 3 Cardinals Rob Moore
63%
1994: 8 Broncos Shannon Sharpe
63%
1993: 8 Broncos Shannon Sharpe
63%
1994: 5 Packers Sterling Sharpe
63%
1993: 1 Packers Sterling Sharpe
63%
1992: 1 Packers Sterling Sharpe
63%
1993: 5 Falcons Andre Rison
50%
1992: 2 Falcons Andre Rison
50%
1991: 6 Falcons Andre Rison
50%
1990: 2 Falcons Andre Rison
50%
1998: 1 Dolphins Frank Sanders
50%
1998: 2 Cardinals Frank Sanders
50%
1999: 8 Rams Marshall Faulk
50%
1998: 3 Colts Marshall Faulk
50%
1991: 8 Jets Al Toon
38%
1998: 5 Packers Antonio Freeman
38%
1997: 8 Packers Antonio Freeman
38%
1996: 6 Lions Brett Perriman
38%
1995: 6 Lions Brett Perriman
38%
1998: 8 Bengals Carl Pickens
38%
1996: 3 Bengals Carl Pickens
38%
1995: 10 Bengals Carl Pickens
38%
1990: 9 Oilers Ernest Givins
38%
1990: 4 Rams Henry Ellard
38%
1997: 5 Eagles Irving Fryar
38%
1996: 9 Eagles Irving Fryar
38%
1997: 6 Jaguars Keenan McCardell
38%
1996: 10 Jaguars Keenan McCardell
38%
1996: 4 Cardinals Larry Centers
38%
1995: 9 Cardinals Larry Centers
38%
1993: 7 Chargers Anthony Miller
25%
1992: 10 Chargers Anthony Miller
25%
1994: 4 Patriots Ben Coates
25%
1991: 9 Colts Bill Brooks
25%
1991: 3 Oilers Drew Hill
25%
1990: 6 Oilers Drew Hill
25%
1992: 3 Oilers Haywood Jeffires
25%
1991: 1 Oilers Haywood Jeffires
25%
1990: 7 Oilers Haywood Jeffires
25%
1990: 3 Eagles Keith Byars
25%
1999: 9 Bears Marcus Robinson
25%
1995: 8 Packers Robert Brooks
25%
1996: 8 Patriots Terry Glenn
25%
1993: 9 Seahawks Brian Blades
13%
1995: 7 Falcons Eric Metcalf
13%
1990: 5 Redskins Gary Clark
13%
1997: 9 Lions Johnnie Morton
13%
1992: 9 Seahawks John Williams
13%
1990: 8 Seahawks John Williams
13%
1991: 4 Patriots Marv Cook
13%
1994: 3 Falcons Terance Mathis
13%
1996: 10 Chargers Tony Martin
13%
1990: 10 Colts Albert Bentley
0%
1999: 7 Bears Bobby Engram
0%
1992: 5 Oilers Curtis Duncan
0%
1999: 10 Lions Germane Crowell
0%
1992: 8 Falcons Mike Pritchard
0%
1994: 10 Saints Quinn Early
0%
1993: 6 Colts Reggie Langhorne
0%
1992: 6 Chargers Ronnie Harmon
0%
1997: 10 Steelers Yancey Thigpen
0%
No matching quizzes found
Score Distribution
Percent of People with Each Score
Percentile by Number Answered
Your Score History
You have not taken this quiz